01180nam a2200241 a 450000100100000000500170001000800410002702000150006804000250008308200150010810000360012324501720015926000720033130000350040349000790043850000740051750400310059170000280062271000720065083000860072295201130080899900170092100004150220201002034940.0131008s1998 sp ab 000 0 spa d a8400077598 aDO-SdBNPbspacBNPHU axxxbC972i1 aCunchillos, Jesús-Luis91533310aIntroducción a la lectura crítica de documentos antiguos :btextos semíticos noroccidentales del ll y l milenio a C. /cJesús-Luis Cunchillos, Juan-Pablo Vita. aMadrid :bConsejo Superior de Investigaciones Científicas,c1998. a152 p. :bil., mapas ;c24 cm.1 aBanco de datos filológicos semíticos noroccidentalesamonografíasv4 aIncluye referencias bibliográficas y notas al pie de las páginas. aBibliografía: p. 148-15012aVita, Juan-Pablo9678522 aConsejo Superior de Investigaciones Científicas (España)915178 0aBanco de datos filológicos semíticos noroccidentalespmonografíasn4968206 001050718MOaGRbGRcCTd2013-10-08iLF1l0oxxx C972ip41502-10r2020-06-25w2020-06-25y1ZNo se presta c40992d40992